[Event "Faroes Open 2018"]
[Site "Sandavagur"]
[Date "2018.07.09"]
[Round "4"]
[White "Nilssen, Ellen Fredericia"]
[Black "Vavulin, Maksim"]
[Result "0-1"]
[WhiteElo "2152"]
[BlackElo "2552"]
[Annotator "ChessBase"]
[PlyCount "64"]
[EventDate "2018.07.07"]
[EventType "swiss"]
[EventCountry "FAI"]
[SourceTitle "playchess.com"]
[Source "ChessBase"]
[SourceQuality "1"]
[TimeControl "40/5400+30:900+30"]

1. Nf3 {[%emt 0:00:00]} g6 {[%emt 0:00:00]} 2. g3 {[%emt 0:00:36]} Bg7 {[%emt 0:00:00]} 3. Bg2 {[%emt 0:00:58]} e5 {[%emt 0:00:03]} 4. d3 {[%emt 0:01:38]} f5 {[%emt 0:00:30]} 5. e4 {[%emt 0:07:33]} Ne7 {[%emt 0:02:41]} 6. O-O {[%emt 0:03:16]} O-O {[%emt 0:00:21]} 7. Re1 {[%emt 0:07:15]} Nbc6 {[%emt 0:00:37]} 8. Nbd2 {[%emt 0:01:28]} d6 {[%emt 0:00:52]} 9. Nf1 {[%emt 0:02:52]} f4 {[%emt 0:01:57]} 10. c3 {[%emt 0:07:42]} h6 {[%emt 0:00:49]} 11. d4 {[%emt 0:04:11]} g5 {[%emt 0:06:13]} 12. h3 {[%emt 0:02:36]} Qe8 {[%emt 0:01:10]} 13. d5 {[%emt 0:05:22]} Nb8 {[%emt 0:01:35]} 14. g4 {[%emt 0:00:48]} Nd7 {[%emt 0:01:10]} 15. N3d2 {[%emt 0:02:38]} a5 {[%emt 0:05:21]} 16. a4 {[%emt 0:05:27]} Nc5 {[%emt 0:03:14]} 17. Nb1 {[%emt 0:05:21]} Bd7 {[%emt 0:11:50]} 18. b3 {[%emt 0:02:09]} c6 {[%emt 0:01:14]} 19. c4 {[%emt 0:03:57]} cxd5 {[%emt 0:01:45]} 20. exd5 {[%emt 0:00:26]} e4 {[%emt 0:02:33]} 21. Ra2 {[%emt 0:01:13]} Ng6 {[%emt 0:04:45]} 22. Bxe4 {[%emt 0:03:15]} Nxe4 {[%emt 0:00:40]} 23. Qc2 {[%emt 0:02:45]} Ne5 {[%emt 0:01:39]} 24. Rxe4 {[%emt 0:00:13]} h5 {[%emt 0:01:17]} 25. Nh2 {[%emt 0:01:46]} hxg4 {[%emt 0:00:13]} 26. hxg4 {[%emt 0:00:39]} Qg6 {[%emt 0:02:09]} 27. f3 {[%emt 0:02:23]} Nxf3+ {[%emt 0:03:50]} 28. Nxf3 {[%emt 0:01:34]} Bxg4 {[%emt 0:00:05]} 29. Qe2 {[%emt 0:03:09]} Rae8 {[%emt 0:01:24]} 30. Nbd2 {[%emt 0:05:03]} Bd4+ {[%emt 0:00:39]} 31. Kf1 {[%emt 0:02:53]} Qh5 {[%emt 0:05:08]} 32. Qg2 {[%emt 0:00:24]} Bh3 {[%emt 0:01:45]} 0-1

[Event "Faroes Open 2018"]
[Site "Sandavagur"]
[Date "2018.07.09"]
[Round "4"]
[White "Nielsen, Torkil"]
[Black "Kristiansen, Jens"]
[Result "0-1"]
[WhiteElo "2115"]
[BlackElo "2380"]
[Annotator "ChessBase"]
[PlyCount "62"]
[EventDate "2018.07.07"]
[EventType "swiss"]
[EventCountry "FAI"]
[SourceTitle "playchess.com"]
[Source "ChessBase"]
[SourceQuality "1"]
[TimeControl "40/5400+30:900+30"]

1. e4 {[%emt 0:00:00]} g6 {[%emt 0:00:00]} 2. d4 {[%emt 0:00:18]} Bg7 {[%emt 0:00:00]} 3. Nf3 {[%emt 0:02:22]} d6 {[%emt 0:00:05]} 4. Bc4 {[%emt 0:00:43]} Nf6 {[%emt 0:00:31]} 5. Qe2 {[%emt 0:01:01]} O-O {[%emt 0:00:56]} 6. O-O {[%emt 0:00:39]} Bg4 {[%emt 0:04:24]} 7. Nc3 {[%emt 0:07:23]} Nc6 {[%emt 0:02:53]} 8. Be3 {[%emt 0:06:53]} e5 {[%emt 0:03:04]} 9. d5 {[%emt 0:05:42]} Nd4 {[%emt 0:03:25]} 10. Bxd4 {[%emt 0:02:12]} exd4 {[%emt 0:00:08]} 11. Nb5 {[%emt 0:01:24]} Re8 {[%emt 0:01:26]} 12. Nbxd4 {[%emt 0:08:20]} Rxe4 {[%emt 0:11:20]} 13. Qd3 {[%emt 0:03:59]} Bxf3 {[%emt 0:11:21]} 14. Nxf3 {[%emt 0:01:24]} Qd7 {[%emt 0:05:12]} 15. Rae1 {[%emt 0:13:50]} Rae8 {[%emt 0:02:18]} 16. Bb5 {[%emt 0:06:32]} c6 {[%emt 0:00:13]} 17. dxc6 {[%emt 0:00:05]} bxc6 {[%emt 0:00:05]} 18. Bc4 {[%emt 0:00:38]} d5 {[%emt 0:02:10]} 19. Bb3 {[%emt 0:00:28]} Qe7 {[%emt 0:03:38]} 20. Rd1 {[%emt 0:03:10]} Qc5 {[%emt 0:03:09]} 21. c3 {[%emt 0:05:44]} Ng4 {[%emt 0:04:34]} 22. h3 {[%emt 0:09:35]} Ne3 {[%emt 0:01:55]} 23. fxe3 {[%emt 0:02:54]} Rxe3 {[%emt 0:00:40]} 24. Qb1 {[%emt 0:00:08]} Rxf3+ {[%emt 0:00:17]} 25. Kh1 {[%emt 0:00:08]} Rxf1+ {[%emt 0:04:45]} 26. Rxf1 {[%emt 0:01:20]} Re2 {[%emt 0:01:08]} 27. Re1 {[%emt 0:07:23]} Qf2 {[%emt 0:00:40]} 28. Rxe2 {[%emt 0:00:07]} Qxe2 {[%emt 0:00:05]} 29. Ba4 {[%emt 0:02:23]} c5 {[%emt 0:01:30]} 30. Qd1 {[%emt 0:03:03]} Qxb2 {[%emt 0:01:35]} 31. Be8 {[%emt 0:03:23]} Qxc3 {[%emt 0:01:09]} 0-1

[Event "Faroes Open 2018"]
[Site "Sandavagur"]
[Date "2018.07.09"]
[Round "4"]
[White "Maroroa, Sue"]
[Black "Miezis, Normunds"]
[Result "0-1"]
[WhiteElo "2104"]
[BlackElo "2468"]
[Annotator "TA"]
[PlyCount "90"]
[EventDate "2018.07.07"]
[EventType "swiss"]
[EventCountry "FAI"]
[SourceTitle "playchess.com"]
[Source "ChessBase"]
[SourceQuality "1"]

{[%evp 29,90,31,25,2,23,14,14,14,14,14,11,12,14,7,18,0,0,0,0,-14,-12,-29,-16,-88,-75,-104,-30,-52,-48,-48,-53,-57,-42,-131,-93,-116,-100,-127,-115,-294,-260,-308,-334,-318,-309,-301,-245,-289,-292,-283,-215,-487,-477,-459,-459,-468,-451,-506,-487,-520,-516,-471,-487]} 1. e4 c5 2. Nf3 e6 3. c3 d5 4. exd5 exd5 5. Bb5+ Nc6 6. d4 Bd6 7. dxc5 Bxc5 8. O-O Nge7 9. Nbd2 O-O 10. Nb3 Bb6 11. Re1 Bg4 12. h3 {C09: French Tarrasch: 3...c5 4 exd5 exd5 5 Ngf3 Nc6} Bh5 13. Be3 Re8 (13... Bc7 14. Bc5 Re8 15. Be2 Ng6 16. Nfd4 Bxe2 17. Rxe2 Qg5 18. Rxe8+ Rxe8 19. Qg4 Qe5 {½-½ (61) Potkin,V (2574)-Morozevich,A (2676) Sochi 2017}) 14. Bd3 h6 15. Bxb6 Qxb6 {LiveBook: 3 Games} 16. Re3 Kf8 17. Qd2 Bxf3 18. Rxf3 $146 {Strongly threatening Qf4.} Ne5 19. Re3 Nc4 20. Bxc4 $1 dxc4 21. Nd4 Nd5 22. Rg3 Nf6 {White must now prevent ...Ne4.} 23. Qc2 Re5 24. b3 Rae8 $36 {[%mdl 2048] White is under pressure.} 25. Rf1 Qa6 {[#] Threatens to win with ...cxb3.} 26. bxc4 (26. b4 $11 {keeps the balance.}) 26... Qxc4 $17 27. Qd3 Rc8 (27... Qxa2 $17 28. c4 Qa5) 28. Rb1 b6 29. Qxc4 Rxc4 30. Rb4 Rc8 31. Rb5 (31. Rf3 $15) 31... Re1+ 32. Kh2 Rc1 33. Nf5 R8xc3 34. f3 $2 {[#]} (34. Rb1 $17 {keeps fighting.}) 34... Rc5 35. Nd6 Rxb5 36. Nxb5 $19 {[%mdl 4096] Endgame KRN-KRN} a6 37. Nd6 Rc6 38. Nf5 Rc5 39. Nd6 Ke7 40. Rxg7 $2 (40. Ne4 Nxe4 41. fxe4) 40... Kxd6 {Black is clearly winning.} 41. Rxf7 {KRN-KR} Ke6 42. Rb7 Nd7 43. h4 Rc2 44. a3 Rc3 45. a4 a5 {Precision: White = 17%, Black = 75%.} 0-1

[Event "Faroes Open 2018"]
[Site "Sandavagur"]
[Date "2018.07.09"]
[Round "4"]
[White "Hruby, Milan"]
[Black "Simonsen, Hans Kristian"]
[Result "1-0"]
[WhiteElo "2031"]
[BlackElo "2150"]
[Annotator "NA"]
[PlyCount "49"]
[EventDate "2018.07.07"]
[EventType "swiss"]
[EventCountry "FAI"]
[SourceTitle "playchess.com"]
[Source "ChessBase"]
[SourceQuality "1"]
[TimeControl "40/5400+30:900+30"]

1. d4 {[%emt 0:00:00]} Nf6 {[%emt 0:00:00]} 2. c4 {[%emt 0:00:00]} e6 {[%emt 0:00:00]} 3. Nc3 d5 {[%emt 0:00:05]} 4. cxd5 {[%emt 0:00:16]} Nxd5 {[%emt 0:00:05]} 5. e4 {[%emt 0:00:14]} Nxc3 {[%emt 0:00:07]} 6. bxc3 {[%emt 0:00:05]} c5 {[%emt 0:00:33]} 7. a3 {[%emt 0:00:20]} Nd7 {[%emt 0:01:13]} 8. Nf3 {[%emt 0:00:27]} Qc7 {[%emt 0:00:56]} 9. Be2 {[%emt 0:03:49]} b6 {[%emt 0:00:44]} 10. O-O {[%emt 0:00:28]} Bb7 {[%emt 0:00:20]} 11. Bd3 {[%emt 0:13:49]} Be7 {[%emt 0:00:29]} 12. e5 {[%emt 0:10:23]} O-O {[%emt 0:01:55]} 13. Ng5 {[%emt 0:05:24]} Bxg5 {[%emt 0:01:16]} 14. Bxg5 {[%emt 0:00:06]} Rfc8 {[%emt 0:01:35]} 15. Qg4 {[%emt 0:04:40]} Nf8 {[%emt 0:00:32]} 16. h4 {[%emt 0:01:02]} cxd4 {[%emt 0:05:05]} 17. cxd4 {[%emt 0:01:40]} Qc3 {[%emt 0:01:37]} 18. Rfd1 {[%emt 0:06:24]} Kh8 {[%emt 0:01:17]} 19. h5 {[%emt 0:04:15]} h6 {[%emt 0:00:09]} 20. Bf6 gxf6 {[%emt 0:00:24]} 21. exf6 {[%emt 0:07:12]} Ng6 {[%emt 0:02:37]} 22. hxg6 {[%emt 0:00:23]} Qa5 {[%emt 0:01:13]} 23. Re1 {[%emt 0:22:03]} Rc3 {[%emt 0:03:13]} 24. Re5 {[%emt 0:03:45]} Rxd3 {[%emt 0:03:53]} 25. gxf7 {[%emt 0:03:12]} 1-0

[Event "Faroes Open 2018"]
[Site "Sandavagur"]
[Date "2018.07.09"]
[Round "4"]
[White "Fruehauf, Norbert"]
[Black "Olsen, Kaj"]
[Result "1-0"]
[WhiteElo "1958"]
[BlackElo "1696"]
[Annotator "NA"]
[PlyCount "59"]
[EventDate "2018.07.07"]
[EventType "swiss"]
[EventCountry "FAI"]
[SourceTitle "playchess.com"]
[Source "ChessBase"]
[SourceQuality "1"]
[TimeControl "40/5400+30:900+30"]

1. e4 {[%emt 0:00:00]} e5 {[%emt 0:00:00]} 2. Nf3 {[%emt 0:00:00]} Nf6 {[%emt 0:00:00]} 3. Nxe5 {[%emt 0:00:00]} d6 {[%emt 0:00:00]} 4. Nf3 {[%emt 0:00:01]} Nxe4 {[%emt 0:00:02]} 5. d4 d5 {[%emt 0:00:11]} 6. Bd3 {[%emt 0:00:17]} Bf5 {[%emt 0:01:27]} 7. O-O {[%emt 0:00:28]} Be7 {[%emt 0:00:13]} 8. Re1 {[%emt 0:00:54]} Nd7 {[%emt 0:00:22]} 9. c4 {[%emt 0:01:58]} c6 {[%emt 0:00:13]} 10. Qc2 {[%emt 0:06:53]} Ndf6 {[%emt 0:01:47]} 11. Ne5 {[%emt 0:02:49]} O-O {[%emt 0:04:48]} 12. f3 {[%emt 0:00:16]} Bb4 {[%emt 0:02:13]} 13. Rd1 {[%emt 0:02:26]} Re8 {[%emt 0:05:35]} 14. fxe4 {[%emt 0:02:19]} dxe4 {[%emt 0:01:12]} 15. Be2 {[%emt 0:00:14]} c5 {[%emt 0:05:19]} 16. Be3 {[%emt 0:01:55]} Rc8 {[%emt 0:03:02]} 17. a3 {[%emt 0:10:29]} Ba5 {[%emt 0:02:03]} 18. b4 {[%emt 0:00:16]} cxb4 {[%emt 0:00:31]} 19. axb4 {[%emt 0:00:01]} Bxb4 {[%emt 0:00:23]} 20. Rxa7 {[%emt 0:00:41]} Qb6 {[%emt 0:00:34]} 21. Ra4 {[%emt 0:04:27]} Rxe5 {[%emt 0:08:38]} 22. Rxb4 {[%emt 0:00:09]} Qxb4 {[%emt 0:00:23]} 23. dxe5 {[%emt 0:00:10]} Ng4 {[%emt 0:01:36]} 24. Bxg4 {[%emt 0:02:48]} Bxg4 {[%emt 0:00:11]} 25. Qd2 {[%emt 0:00:59]} Qf8 {[%emt 0:03:27]} 26. Rc1 {[%emt 0:02:34]} Rd8 {[%emt 0:00:24]} 27. Qf2 {[%emt 0:06:53]} Qb4 {[%emt 0:03:05]} 28. Nd2 {[%emt 0:03:24]} Qb2 {[%emt 0:01:14]} 29. Nxe4 {[%emt 0:01:45]} Qxe5 {[%emt 0:01:20]} 30. Qh4 {[%emt 0:04:49]} 1-0

[Event "Faroes Open 2018"]
[Site "Sandavagur"]
[Date "2018.07.09"]
[Round "4"]
[White "Haubro, Siv"]
[Black "Jacobsen, Markus"]
[Result "1-0"]
[WhiteElo "1780"]
[BlackElo "1106"]
[Annotator "NA"]
[PlyCount "31"]
[EventDate "2018.07.07"]
[EventType "swiss"]
[EventCountry "FAI"]
[SourceTitle "playchess.com"]
[Source "ChessBase"]
[SourceQuality "1"]
[TimeControl "40/5400+30:900+30"]

1. e4 {[%emt 0:00:00]} e6 2. d4 {[%emt 0:00:15]} d5 {[%emt 0:00:00]} 3. e5 {[%emt 0:00:09]} c5 {[%emt 0:00:06]} 4. c3 {[%emt 0:00:25]} g6 {[%emt 0:00:59]} 5. Nf3 {[%emt 0:00:51]} Qa5 {[%emt 0:01:45]} 6. Nbd2 {[%emt 0:05:33]} c4 {[%emt 0:02:41]} 7. Be2 {[%emt 0:01:12]} Nc6 {[%emt 0:02:42]} 8. O-O {[%emt 0:01:27]} Bd7 {[%emt 0:01:53]} 9. Re1 {[%emt 0:03:42]} O-O-O {[%emt 0:02:31]} 10. Nf1 {[%emt 0:08:02]} Bg7 {[%emt 0:04:25]} 11. Bg5 {[%emt 0:03:44]} Nce7 {[%emt 0:01:32]} 12. b4 {[%emt 0:02:35]} cxb3 {[%emt 0:01:27]} 13. axb3 {[%emt 0:00:16]} Qb6 {[%emt 0:01:28]} 14. Qc2 {[%emt 0:03:02]} Kb8 {[%emt 0:02:11]} 15. c4 {[%emt 0:08:48]} Rc8 {[%emt 0:02:00]} 16. c5 1-0

[Event "Faroes Open 2018"]
[Site "Sandavagur"]
[Date "2018.07.09"]
[Round "4"]
[White "Nielsen, Jón í Horni"]
[Black "Spiesberger, Gerhard"]
[Result "1/2-1/2"]
[WhiteElo "1735"]
[BlackElo "2043"]
[Annotator "NA"]
[PlyCount "100"]
[EventDate "2018.07.07"]
[EventType "swiss"]
[EventCountry "FAI"]
[SourceTitle "playchess.com"]
[Source "ChessBase"]
[SourceQuality "1"]
[TimeControl "40/5400+30:900+30"]

1. e4 d5 2. exd5 Qxd5 3. Nc3 Qd8 4. d4 Nf6 5. Nf3 Bg4 6. Be2 e6 7. O-O {[%emt 0:12:23]} Bd6 {[%emt 0:08:39]} 8. Re1 {[%emt 0:00:13]} O-O {[%emt 0:00:46]} 9. Bg5 {[%emt 0:03:51]} Nbd7 {[%emt 0:02:59]} 10. Ne4 {[%emt 0:01:37]} Be7 {[%emt 0:01:36]} 11. Ng3 {[%emt 0:01:20]} Nh5 {[%emt 0:08:45]} 12. Bxe7 {[%emt 0:01:31]} Qxe7 {[%emt 0:00:20]} 13. Nxh5 {[%emt 0:00:23]} Bxh5 {[%emt 0:01:11]} 14. c4 {[%emt 0:09:49]} c6 {[%emt 0:03:29]} 15. Nd2 {[%emt 0:04:05]} Bxe2 {[%emt 0:01:17]} 16. Qxe2 {[%emt 0:00:03]} Nf6 {[%emt 0:00:22]} 17. Ne4 {[%emt 0:00:50]} Rad8 {[%emt 0:07:06]} 18. Rad1 {[%emt 0:00:17]} Rd7 {[%emt 0:06:01]} 19. Rd3 {[%emt 0:04:00]} Rfd8 {[%emt 0:03:24]} 20. Red1 {[%emt 0:00:33]} Nxe4 {[%emt 0:01:43]} 21. Qxe4 {[%emt 0:00:10]} Qf6 {[%emt 0:00:27]} 22. c5 {[%emt 0:02:13]} Rd5 {[%emt 0:03:12]} 23. f3 {[%emt 0:02:27]} R8d7 {[%emt 0:06:52]} 24. a3 {[%emt 0:01:52]} Qd8 {[%emt 0:01:31]} 25. f4 {[%emt 0:03:41]} Qf6 {[%emt 0:00:49]} 26. b4 {[%emt 0:01:09]} Qf5 {[%emt 0:01:23]} 27. Qxf5 {[%emt 0:01:16]} Rxf5 {[%emt 0:00:08]} 28. g3 {[%emt 0:00:27]} g5 {[%emt 0:01:37]} 29. fxg5 {[%emt 0:01:00]} Rxg5 {[%emt 0:01:17]} 30. Kf2 {[%emt 0:00:54]} Rgd5 {[%emt 0:00:25]} 31. Ke3 {[%emt 0:01:46]} f6 {[%emt 0:02:36]} 32. h4 {[%emt 0:03:19]} h5 {[%emt 0:05:40]} 33. Ke4 {[%emt 0:02:56]} Kf7 {[%emt 0:02:27]} 34. a4 {[%emt 0:01:52]} a6 {[%emt 0:01:28]} 35. a5 {[%emt 0:00:58]} Rd8 {[%emt 0:02:03]} 36. R1d2 {[%emt 0:00:15]} Rg8 {[%emt 0:02:08]} 37. Rf2 {[%emt 0:01:45]} f5+ {[%emt 0:05:03]} 38. Kf4 {[%emt 0:01:09]} Rg4+ {[%emt 0:00:44]} 39. Ke3 {[%emt 0:00:34]} Rxg3+ {[%emt 0:02:26]} 40. Kd2 {[%emt 0:00:09]} Rg4 {[%emt 0:01:57]} 41. Rh2 {[%emt 0:15:16]} Rdxd4 {[%emt 0:16:15]} 42. Rxd4 {[%emt 0:00:05]} Rxd4+ {[%emt 0:00:16]} 43. Kc3 {[%emt 0:00:03]} e5 {[%emt 0:01:12]} 44. Rf2 {[%emt 0:00:30]} Kf6 {[%emt 0:02:23]} 45. Rh2 {[%emt 0:00:20]} Ke6 {[%emt 0:00:53]} 46. Rg2 {[%emt 0:00:12]} f4 {[%emt 0:03:51]} 47. Rg7 {[%emt 0:00:14]} Rd7 {[%emt 0:00:27]} 48. Rg5 {[%emt 0:00:44]} f3 {[%emt 0:01:05]} 49. Rg6+ {[%emt 0:00:09]} Kf5 {[%emt 0:00:33]} 50. Rg8 {[%emt 0:00:05]} Ke4 {[%emt 0:00:29] Kd4+} 1/2-1/2

[Event "Faroes Open 2018"]
[Site "Sandavagur"]
[Date "2018.07.09"]
[Round "4"]
[White "Djurhuus, Arant"]
[Black "Fjallheim, Leif Reinert"]
[Result "1/2-1/2"]
[WhiteElo "1703"]
[BlackElo "1886"]
[Annotator "NA"]
[PlyCount "60"]
[EventDate "2018.07.07"]
[EventType "swiss"]
[EventCountry "FAI"]
[SourceTitle "playchess.com"]
[Source "ChessBase"]
[SourceQuality "1"]
[TimeControl "40/5400+30:900+30"]

1. d4 {[%emt 0:00:00]} Nf6 {[%emt 0:00:00]} 2. Bf4 {[%emt 0:00:00]} g6 {[%emt 0:00:57]} 3. Nc3 Bg7 {[%emt 0:01:43]} 4. e4 {[%emt 0:00:19]} d6 {[%emt 0:00:13]} 5. Qd2 {[%emt 0:00:34]} O-O {[%emt 0:03:43]} 6. O-O-O {[%emt 0:02:40]} c6 {[%emt 0:07:19]} 7. Bh6 {[%emt 0:08:22]} b5 {[%emt 0:03:22]} 8. f3 {[%emt 0:02:01]} a5 {[%emt 0:04:04]} 9. h4 {[%emt 0:01:46]} Qb6 {[%emt 0:16:05] B07: Pirc Defence: Miscellaneous Systems} (9... a4 10. h5 b4 11. Nb1 Qa5 12. Bxg7 Kxg7 13. hxg6 fxg6 14. Bc4 Ng8 15. Ne2 d5 16. Bd3 dxe4 17. Bxe4 {1-0 (54) Farkas,G (2190)-Elo,I (2075) Hungary 2013}) 10. h5 {[%emt 0:02:59]} e5 $146 {[%emt 0:05:09]} ({Predecessor:} 10... Nbd7 11. hxg6 fxg6 12. Bxg7 Kxg7 13. Qh6+ Kf7 14. Nh3 Ke8 15. Ng5 Rf7 16. Nxf7 Kxf7 {1-0 (78) Bozkurt,A (1447)-Isik,M (1453) Antalya 2018}) 11. hxg6 {[%emt 0:05:39]} fxg6 {[%emt 0:00:51]} 12. Bxg7 {[%emt 0:08:00]} Kxg7 {[%emt 0:01:09]} 13. dxe5 {[%emt 0:00:31]} dxe5 {[%emt 0:02:03]} 14. Qh6+ {[%emt 0:01:02]} Kg8 {[%emt 0:02:00]} 15. Rd6 {[%emt 0:06:31]} Qc7 {[%emt 0:01:17]} 16. Qd2 {[%emt 0:07:58]} Ba6 {[%emt 0:03:35]} 17. Nh3 {[%emt 0:06:11]} b4 {[%emt 0:06:46]} 18. Ne2 {[%emt 0:08:18]} Ra7 {[%emt 0:24:16]} 19. Ng5 {[%emt 0:04:11]} Qb6 {[%emt 0:03:33]} 20. Ne6 {[%emt 0:07:01]} Re8 {[%emt 0:05:31]} 21. Ng5 $11 {[%emt 0:12:01]} ({White should play} 21. Qg5 $16 Nbd7 22. Qd2) 21... Rd7 {[%emt 0:01:42]} 22. Nxh7 {[%emt 0:03:29]} Rxh7 {[%emt 0:03:09]} 23. Qg5 {[%emt 0:04:20]} Nbd7 {[%emt 0:02:27]} 24. Rxf6 {[%emt 0:02:14]} Nxf6 {[%emt 0:00:07]} 25. Qxf6 {[%emt 0:00:35]} Rxh1 {[%emt 0:00:51]} 26. Qxg6+ {[%emt 0:00:11]} Kf8 {[%emt 0:00:08]} 27. Qf6+ {[%emt 0:00:21]} Kg8 {[%emt 0:00:48]} 28. Qg6+ {[%emt 0:00:11]} Kf8 {[%emt 0:00:03]} 29. Qf6+ {[%emt 0:00:14]} Kg8 {[%emt 0:00:05]} 30. Qg6+ {[%emt 0:00:25]} Kf8 {[%emt 0:00:28]} 1/2-1/2

[Event "Faroes Open 2018"]
[Site "Sandavagur"]
[Date "2018.07.09"]
[Round "4"]
[White "Gregersen, Einar"]
[Black "Nielsen, Rógvi Egilstoft"]
[Result "0-1"]
[WhiteElo "1665"]
[BlackElo "2337"]
[Annotator "ChessBase"]
[PlyCount "98"]
[EventDate "2018.07.07"]
[EventType "swiss"]
[EventCountry "FAI"]
[SourceTitle "playchess.com"]
[Source "ChessBase"]
[SourceQuality "1"]
[TimeControl "40/5400+30:900+30"]

1. e4 {[%emt 0:00:00]} e5 {[%emt 0:00:00]} 2. Nf3 {[%emt 0:00:00]} Nc6 {[%emt 0:00:00]} 3. Bb5 {[%emt 0:00:00]} Nge7 {[%emt 0:00:19]} 4. O-O {[%emt 0:00:45]} g6 {[%emt 0:00:31]} 5. d3 {[%emt 0:02:39]} Bg7 {[%emt 0:00:54]} 6. c3 {[%emt 0:01:40]} O-O {[%emt 0:01:30]} 7. Re1 {[%emt 0:01:16]} h6 {[%emt 0:04:10]} 8. Nbd2 {[%emt 0:02:33]} Kh7 {[%emt 0:01:52]} 9. Nf1 {[%emt 0:02:23]} a6 {[%emt 0:00:11]} 10. Ba4 {[%emt 0:00:35]} b5 {[%emt 0:00:31]} 11. Bc2 {[%emt 0:00:15]} d5 {[%emt 0:00:19]} 12. d4 {[%emt 0:05:08]} exd4 {[%emt 0:02:42]} 13. cxd4 {[%emt 0:01:54]} dxe4 {[%emt 0:04:07]} 14. Bxe4 {[%emt 0:07:00]} Rb8 {[%emt 0:05:06]} 15. d5 {[%emt 0:04:00]} Nb4 {[%emt 0:04:53]} 16. d6 {[%emt 0:11:14]} cxd6 {[%emt 0:00:16]} 17. Bf4 {[%emt 0:01:34]} Rb6 {[%emt 0:02:46]} 18. Be3 {[%emt 0:00:23]} d5 {[%emt 0:02:19]} 19. Bxb6 {[%emt 0:02:56]} Qxb6 {[%emt 0:00:07]} 20. Bc2 {[%emt 0:01:21]} Bxb2 {[%emt 0:07:00]} 21. Rb1 {[%emt 0:07:01]} Nxc2 {[%emt 0:01:57]} 22. Rxe7 {[%emt 0:03:33]} Bf6 {[%emt 0:02:56]} 23. Re2 {[%emt 0:01:04]} Na3 {[%emt 0:06:09]} 24. Rb3 {[%emt 0:03:42]} Qc5 {[%emt 0:00:19]} 25. Ne3 {[%emt 0:13:14]} d4 {[%emt 0:09:19]} 26. Nc2 {[%emt 0:01:55]} Nxc2 {[%emt 0:03:36]} 27. Rxc2 {[%emt 0:01:06]} Qd6 {[%emt 0:00:18]} 28. Rd2 {[%emt 0:01:13]} Be6 {[%emt 0:09:56]} 29. Re3 {[%emt 0:05:27]} Rc8 {[%emt 0:04:50]} 30. Nxd4 {[%emt 0:04:19]} Bxd4 {[%emt 0:00:53]} 31. Red3 {[%emt 0:01:35]} Bxa2 {[%emt 0:04:31]} 32. Rxd4 {[%emt 0:05:12]} Qe5 {[%emt 0:04:48]} 33. Rd8 {[%emt 0:02:57]} Rxd8 {[%emt 0:02:30]} 34. Rxd8 {[%emt 0:00:11]} b4 {[%emt 0:00:27]} 35. Rd7 {[%emt 0:04:17]} Be6 {[%emt 0:03:48]} 36. Rb7 {[%emt 0:00:56]} a5 {[%emt 0:00:27]} 37. h3 {[%emt 0:00:30]} b3 {[%emt 0:00:56]} 38. Rxb3 {[%emt 0:00:36]} Bxb3 {[%emt 0:00:10]} 39. Qxb3 {[%emt 0:00:05]} Qe1+ {[%emt 0:00:06]} 40. Kh2 {[%emt 0:00:06]} Qxf2 {[%emt 0:00:05]} 41. Qa3 {[%emt 0:16:57]} Qf4+ {[%emt 0:16:24]} 42. Kg1 {[%emt 0:00:14]} Qb4 {[%emt 0:00:17]} 43. Qa2 {[%emt 0:00:39]} Kg8 {[%emt 0:00:49]} 44. Qe2 {[%emt 0:00:21]} Qb1+ {[%emt 0:00:32]} 45. Kf2 {[%emt 0:01:05]} Qb3 {[%emt 0:01:11]} 46. Qd2 {[%emt 0:01:37]} a4 {[%emt 0:00:11]} 47. Qxh6 {[%emt 0:00:06]} a3 {[%emt 0:00:11]} 48. Qg5 {[%emt 0:00:20]} Qb2+ {[%emt 0:00:09]} 49. Kg1 {[%emt 0:00:13]} a2 {[%emt 0:00:06]} 0-1

[Event "Faroes Open 2018"]
[Site "Sandavagur"]
[Date "2018.07.09"]
[Round "4"]
[White "Petersen, Gutti"]
[Black "Petersen, Elias"]
[Result "1-0"]
[WhiteElo "1596"]
[BlackElo "1035"]
[Annotator "NA"]
[PlyCount "63"]
[EventDate "2018.07.07"]
[EventType "swiss"]
[EventCountry "FAI"]
[SourceTitle "playchess.com"]
[Source "ChessBase"]
[SourceQuality "1"]
[TimeControl "40/5400+30:900+30"]

1. e4 {[%emt 0:00:00]} e5 {[%emt 0:00:00]} 2. Nf3 {[%emt 0:00:00]} Nc6 {[%emt 0:00:05]} 3. Bb5 {[%emt 0:00:24]} Bc5 {[%emt 0:01:33]} 4. c3 {[%emt 0:01:03]} d6 {[%emt 0:02:31]} 5. h3 {[%emt 0:00:32]} Nf6 {[%emt 0:00:17]} 6. d3 {[%emt 0:00:22]} Bd7 {[%emt 0:02:41]} 7. Ba4 {[%emt 0:01:50]} O-O {[%emt 0:00:57]} 8. O-O {[%emt 0:00:11]} h6 {[%emt 0:00:47]} 9. Bc2 {[%emt 0:01:21]} Ne7 {[%emt 0:00:51]} 10. d4 {[%emt 0:00:14]} exd4 {[%emt 0:00:19]} 11. cxd4 {[%emt 0:00:01]} Bb6 {[%emt 0:00:24]} 12. Nc3 {[%emt 0:00:39]} c6 {[%emt 0:00:50]} 13. Qd3 {[%emt 0:03:25]} Re8 {[%emt 0:01:55]} 14. e5 {[%emt 0:00:47]} Bf5 {[%emt 0:00:47]} 15. Qd2 {[%emt 0:00:21]} Bxc2 {[%emt 0:00:39]} 16. exf6 {[%emt 0:00:10]} Bf5 {[%emt 0:08:54]} 17. fxe7 {[%emt 0:01:46]} Rxe7 {[%emt 0:00:23]} 18. Qf4 {[%emt 0:02:13]} Be6 {[%emt 0:01:07]} 19. Bd2 {[%emt 0:00:39]} d5 {[%emt 0:01:10]} 20. Rfe1 {[%emt 0:03:17]} f6 {[%emt 0:02:24]} 21. Qe3 {[%emt 0:03:43]} Bc7 {[%emt 0:02:52]} 22. Qd3 {[%emt 0:02:50]} Qd7 {[%emt 0:03:48]} 23. Qg6 {[%emt 0:06:11]} Rae8 {[%emt 0:03:47]} 24. Qh5 {[%emt 0:03:16]} b6 {[%emt 0:03:43]} 25. Re2 {[%emt 0:00:29]} c5 {[%emt 0:00:29]} 26. Rae1 {[%emt 0:00:06]} Kh7 {[%emt 0:02:42]} 27. Be3 {[%emt 0:08:44]} Qd6 {[%emt 0:03:53]} 28. Nb5 {[%emt 0:01:08]} Qd7 {[%emt 0:01:34]} 29. Nxc7 {[%emt 0:00:51]} Qxc7 {[%emt 0:00:20]} 30. Nh4 {[%emt 0:00:52]} Bf7 {[%emt 0:00:59]} 31. Qf5+ {[%emt 0:00:28]} Kg8 {[%emt 0:00:47]} 32. Qd3 {[%emt 0:02:55]} 1-0